000 01001ngm a22002770a 4500
001 PT16714
003 AR-LpoUNG
005 20210202000233.0
007 vd cvaizq
008 191001s1989||||ag |||||||||||||||||spa d
037 _c$8.3
040 _aAR-LpoUNG
_bspa
_cAR-LpoUNG
_eaacr
044 _aag
082 0 _a302.545 552pie
100 1 _aSheridan, Jim
_edir.
245 1 0 _aMi pie izquierdo :
_bla historia de Christy Brown
260 _aBuenos Aires :
_bTransmundo Home Video,
_c[1989].
300 _aVHS (100 min.) : son., col.
520 _aLa vida de un escritor irlandés aquejado de una parálisis y que mostró un gran talento con la única parte del cuerpo que podía mover. Daniel Day-Lewis ganó un Oscar en 1989 por su brillante interpretación al igual que Brenda Fricker que fué galardonada con otro Oscar como mejor actriz secundaria.
650 4 _aARTISTAS
650 4 _aDISCRIMINACION
651 4 _aIrlanda
653 _aVIDEOS
905 _a16714
942 _cVIDEO
999 _c54409
_d54409